000 00535nam a2200205Ia 4500
001 27861
008 140414s9999 xx 000 0 und d
020 _a0-534-57410-6
040 _cPK-LaUMT
082 _a 153
_bSTU-
100 _aDasnalee Goldthwaite
245 _aStudent manual for coglab 36 experiments
_cDasnalee Goldthwaite<>Greg Francis<>Ian Neath
260 _aAustralia:
_bWadsworth,
_c2003
300 _a91 p.
546 _aEN
650 _aCognition
700 _aGreg Francis
700 _aIan Neath
942 _cBK
999 _c27994
_d27994